Countries that Watch the Most TV - Statistics

General Stats
  • This quiz has been taken 58 times
  • The average score is 7 of 10
Answer Stats
Minutes Countries % Correct
270 United States
94%
212 United Kingdom
93%
223 Germany
83%
223 France
81%
248 Russia
81%
248 Italy
78%
262 Japan
74%
233 Spain
74%
264 Poland
54%
254 Brazil
35%
No matching quizzes found
Score Distribution
Percent of People with Each Score
Percentile by Number Answered
Your Score History
You have not taken this quiz